Mapping out environmental risk (Record no. 76652)

MARC details
000 -LEADER
fixed length control field 00822cab a2200181 4500
001 - CONTROL NUMBER
control field ##L132834
008 - FIXED-LENGTH DATA ELEMENTS--GENERAL INFORMATION
fixed length control field 060313n2006 000 0 eng u
035 ## - SYSTEM CONTROL NUMBER
System control number (Sirsi) u132834
041 0# - LANGUAGE CODE
Language code of text/sound track or separate title eng
100 1# - MAIN ENTRY--PERSONAL NAME
Personal name Pawlyn, Richard
245 00 - TITLE STATEMENT
Title Mapping out environmental risk
260 ## - PUBLICATION, DISTRIBUTION, ETC.
Date of publication, distribution, etc. 2006
490 #0 - SERIES STATEMENT
Series statement Civil Engineering Surveyor
Volume/sequential designation March 2006, 34-35(2)
520 ## - SUMMARY, ETC.
Summary, etc. Reports on the increasing importance of historical maps for surveyors in tracing the land history of brownfield sites and in identifying potential contamination issues. Contains tables showing the potential risks from flooding, landfill and waste, pollution, radon, coal and subsidence in the UK's ten largest cities.
590 ## - LOCAL NOTE (RLIN)
Local note IKA140306
690 ## - LOCAL SUBJECT ADDED ENTRY--TOPICAL TERM (OCLC, RLIN)
Topical term or geographic name as entry element ENVIRONMENTAL AND LAND CONSULTANCY-GEOMATICS-MAPPING AND POSITIONING-CARTOGRAPHY
942 ## - ADDED ENTRY ELEMENTS (KOHA)
Suppress in OPAC 0
Holdings
Withdrawn status Lost status Source of classification or shelving scheme Damaged status Not for loan Home library Current library Shelving location Date acquired Total Checkouts Full call number Barcode Date last seen Copy number Price effective from Koha item type
    Dewey Decimal Classification     London London Journal article 13/03/2006   L132834 132834-1001 06/08/2019 1 06/08/2019 Journal article